000 00790nam a2200253Ia 4500
003 OSt
005 20220928130441.0
006 a|||||r|||| 00| 0
007 ta
008 220927b |||||||| |||| 00| 0 eng d
020 _cUSD 35.00
024 _a132925
037 _b56, 01/03/2017, Better Book Service
_cTextual
040 _aSDCL
_cSDCL
_beng
041 _2eng
_aeng
082 _aX:72, Q6
100 _aCalvo Guillermo
_9474007
245 0 _aMacroeconomics in times of liquidity crises
_b Searching for economic essentials
260 _aCambridge
_bThe MIT Press
_c2016
300 _axxi,241p.
_ccm.
650 _aBusiness Economics
_9391653
942 _hX:72, Q6
_cTEXL
_2CC
999 _c786615
_d786615